Fundamentals of physics 4th E.D (Record no. 294137)
[ view plain ]
| 000 -LEADER | |
|---|---|
| fixed length control field | 00320 a2200121 4500 |
| 001 - CONTROL NUMBER | |
| control field | 59064 |
| 082 ## - DEWEY DECIMAL CLASSIFICATION NUMBER | |
| Classification number | 530 |
| Author Mark | HAL |
| 090 ## - LOCALLY ASSIGNED LC-TYPE CALL NUMBER (OCLC); LOCAL CALL NUMBER (RLIN) | |
| -- | 36169 |
| -- | 36169 |
| 100 ## - MAIN ENTRY--PERSONAL NAME | |
| Personal name | Halliday, David |
| -- | Resnick, Robert |
| 245 ## - TITLE STATEMENT | |
| Title | Fundamentals of physics 4th E.D |
| 260 ## - PUBLICATION, DISTRIBUTION, ETC. | |
| Place of publication, distribution, etc. | USA |
| Name of publisher, distributor, etc. | John Wiley and Sons |
| Date of publication, distribution, etc. | 1993 |
| 300 ## - PHYSICAL DESCRIPTION | |
| Extent | xxxii, 1360p. |
| Accompanying material | xxxii, 1360p. |
| 942 ## - ADDED ENTRY ELEMENTS (KOHA) | |
| Institution code [OBSOLETE] | NUST-CAE |
| Call number prefix | 530HAL |
| Withdrawn status | Lost status | Damaged status | Not for loan | Collection code | Permanent Location | Current Location | Date acquired | Total Checkouts | Full call number | Barcode | Date last seen | Price effective from | Koha item type |
|---|---|---|---|---|---|---|---|---|---|---|---|---|---|
| College of Aeronautical Engineering (CAE) | College of Aeronautical Engineering (CAE) | 04/03/2017 | 530HAL | CAE59418 | 04/05/2017 | 04/05/2017 | Book |
